| 000 | 00959 a2200181 4500 | ||
|---|---|---|---|
| 003 | Nust | ||
| 005 | 20221220122947.0 | ||
| 040 | _cNust | ||
| 082 | _a621.384,PER | ||
| 100 |
_aPerkins, W. T. _979917 |
||
| 245 |
_aRadio-communications / _cW. T. Perkins and R. W. Barton |
||
| 260 |
_aLondon _bGeorge Newnes _c1947 |
||
| 300 | _aviii, 311 p. | ||
| 505 | _a City and Guilds of London Institute Syllabus-Summary of Formula (Page-1), Components (Page-22), Valves (Page-48), Receivers (Page-90), Transmitters, F.M. and Amplitude Modulated (Page-118), Power Supplies for Radio Equipment (Page-144), Receiving and Transmitting Aerials (Page-155), Ship-Shore Radio (Page-173), Landline W/T and R/T Including R/C Transmission and Reception (Page-178), Measuring Instruments (Page-207), Radio Interference and its Suppression (Page-227), Miscellaneous (Page-241). | ||
| 650 |
_aRadio communications _9105355 |
||
| 700 |
_aBarton, R. W. _9105356 |
||
| 942 |
_2ddc _cBK |
||
| 999 |
_c183040 _d183040 |
||